000 00714nam a22002057a 4500
005 20170413153143.0
010 _aENG-117815
020 _a9780199472055
_c750.00
035 _aEN-101347
037 _bDBAD/PUB
082 _a336.54
245 _aIndia public finance and policy report 2016 :
_cedited by Jyotsna Jalan, Sugata Marjit [and] Sattwik Santra
_bfiscal issues and macro economy /
260 _c2016
_aNew Delhi
_bOxford University Press
270 _aYMCA Library Building, 1 Jai Singh Road
_bNew Delhi
_e110001
300 _c26cm(pbk) :
_axxxii,135p.
_bill.
700 _aJalan,Jyotsna
700 _a Marjit,Sugata
700 _aSantra,Sattwik
942 _cEN
_2ddc
_h336.54
_mIND
999 _c138888
_d138888